Регионална библиотека "Любен Каравелов" - Русе

Cultural and historical heritage of three Bulgarian districts (Запис номер 111700)

MARC детайли
000 -Лидер
Контролно поле с фиксирана дължина nam a22 a 4500
003 - Код на организацията, давaща контролен номер
Контролно поле BLK
005 - Дата и час на последна редакция
Контролно поле 20210203161441.0
008 - Елементи от данни с фиксирана дължина
fixed length control field 180409b bul|||||r ||||||| ||bul||
010 ## - Наследен системен номер
LC control number KNG00117050000
020 ## - Международен стандартен номер на книга ISBN
Международен стандартен номер на книга ISBN 954-8259-70-2
040 ## - Източник на каталожния запис
Идентификатор на билиотеката - собственик на записа BLK
041 ## - Код за език
Код за езика на текст/звукозапис или на отделно заглавие Английски
Код за езика КДБФ Английски
080 ## - УДК
Текстов определител УДК Краезнание
УДК код - определител по УДК 908
УДК определител (497.21-32)(036)
УДК - код + определител 908(497.21-32)(036)
080 ## - УДК
Текстов определител УДК Забавно пътуване. Туризъм - пътуване пеша, с кола, колело, автобус, влак, параход, самолет, изкачване на планина, ездене и др. п.
УДК код - определител по УДК 379.85
УДК определител (497.21-32)(036)
УДК - код + определител 379.85(497.21-32)(036)
139 ## - Редно поле
Редна дума Cultural and historical heritage of three Bulgarian districts
Авторски знак Cu - C 94
245 10 - Сведения за заглавието
Заглавие Cultural and historical heritage of three Bulgarian districts
Подзаглавни данни V. Tarnovo, Gabrovo, Lovech : Guide
257 ## - Страна на издаване
Страна на създаване/издаване България
260 ## - Област на издателските данни
Име на издателя, разпространителя и проч. Витал
Година на издаване 2004
Място на издаване, разпространение и проч. Велико Търново
300 ## - Физическа характеристика
Страници 96 с.
Илюстрации и др. с цв. ил.
Размери/Мащаб 27 см
380 ## - Жанр
Жанр История
500 ## - Общи забележки
Забележка Кор. Cultural historical guide Velico Tarnovo, Gabrovo, Lovech. - Ориг. загл. Културно-историческо наследство в региона на Велико Търново, Габрово, Ловеч
650 #4 - Допълнително описание по предмет – тема
Основно описание – тема или топоним Велико Търново - справочници
9 (RLIN) 269774
650 #4 - Допълнително описание по предмет – тема
Основно описание – тема или топоним Габрово - справочници
9 (RLIN) 284641
650 #4 - Допълнително описание по предмет – тема
Основно описание – тема или топоним Ловеч - история
9 (RLIN) 272321
653 ## - Ключова дума – ненормативна
Ключова дума Великотърновско
653 ## - Ключова дума – ненормативна
Ключова дума Габровски край
653 ## - Ключова дума – ненормативна
Ключова дума Ловешка област
653 ## - Ключова дума – ненормативна
Ключова дума справочници
653 ## - Ключова дума – ненормативна
Ключова дума туристически забележителности
852 ## - Местоположение
Форматна сигнатура Цб ІІ 13044
Фондова буква Хранилище
856 4# - Електронен адрес и достъп
Електронен формат pdf - файл
856 4# - Електронен адрес и достъп
Електронен формат pdf - файл
999 ## - СИСТЕМНИ КОНТРОЛНИ НОМЕРА
Koha biblionumber 111700
Koha biblioitemnumber 111700
942 ## - АРТИКУЛИ
Вид на библиотечния материал Книги
Скрит в OPAC Не
Koha issues (borrowed), all copies 1
Периодичен библиозапис Да
944 ## - СЪЗДАВАНЕ И РЕДАКЦИЯ на ЗАПИСА
Създаване/Редакция Създаване
Дата на регистрацията/редакция 20.01.2005
Служител, извършил регистрацията/редакцията Геновева_Генчева
944 ## - СЪЗДАВАНЕ И РЕДАКЦИЯ на ЗАПИСА
Създаване/Редакция Редакция
Дата на регистрацията/редакция 24.01.2005
999 ## - СИСТЕМНИ КОНТРОЛНИ НОМЕРА
Koha biblioitemnumber 111700
Наличности
Код за отписване Код за изгубен артикул Източник на класификационната схема Код за повреда Коз за рестрикции Код за отдаване Артикулен № Име на библиотеката - собственик Име на библиотеката, в която се намира в момента Статус (Текущо местоположение) Дата на вписване в системата Местоположение - отдел Цена в лева Инвентарен номер Систематично азбучна сигнатура Баркод Номер на екземпляра Цена в евро Служебна бележка Служебен тип на артикула
  Не е изгубен Universal Decimal Classification Не е повреден само за читалня ползва се в читалня 179349 Регионална библиотека "Любен Каравелов" Русе Регионална библиотека "Любен Каравелов" Русе Хранилище 2005-01-20 Хранилище 0.00 120000691278 Цб ІІ 13044 120000691278 1 0.00 Дост: Dp Вид: Д N: 12 Дата: 10.03.2004 Книги
Vip Innovations Ltd, Rousse, Bulgaria 2025